Szczegóły MARC21

Eksperymentalna psychologia emocji /

003 -Nazwa inst., której nr kontr. jest w polu 001 [,]
    • @
    • Nazwa instytucji, której n kontrolny jest w polu 001
    • NUKAT
005 -DATA I CZAS OSTATNIEJ MODYFIKACJI [,]
    • @
    • pole kontrolne
    • 20241231103954.0
040 -Instytucja sporządzająca opis [ , ]
    • a
    • Instytucja, która sporządziła opis (NP)
    • TOR U/AP
    • b
    • Język katalogowania
    • pol
    • e
    • Zasady katalogowania
    • rda
    • c
    • Instytucja, która sporządziła rekord (NP)
    • TOR U/AP
    • d
    • Instytucja, która zmodyfikowała rekord (P)
    • TOR U/AP
    • d
    • Instytucja, która zmodyfikowała rekord (P)
    • TOR U/GKs
    • d
    • Instytucja, która zmodyfikowała rekord (P)
    • GL 001/FAN
942 -Rodzaj dokumentu [ , ]
    • c
    • Rodzaj dokumentu
    • Książka
100 -Hasło główne - nazwa osobowa [1, ]
    • a
    • Nazwa osobowa (NP)
    • Reykowski, Janusz
    • d
    • Daty biograficzne (NP)
    • (1929- ).
    • e
    • Rodzaj współpracy
    • Autor
    • 9
    • KHW
    • 15963
245 -Strefa tytułu i oznaczenia odpowiedzialności [1,0]
    • a
    • Tytuł
    • Eksperymentalna psychologia emocji / Find
    • c
    • Pozostałe elementy strefy tytułu i oznaczenia odpowiedzialności (NP)
    • Janusz Reykowski.
250 -Strefa wydania [ , ]
    • a
    • Oznaczenie wydania (NP)
    • Wydanie drugie zmienione i poszerzone.
260 -Strefa adresu wydawniczego [ , ]
    • a
    • Miejsce wydania (P)
    • Warszawa :
    • b
    • Nazwa wydawcy (P)
    • "Książka i Wiedza",
    • c
    • Data wydania (P)
    • 1974.
300 -Strefa opisu fizycznego [ , ]
    • a
    • Określenie formy książki i/lub objętość (NP)
    • 579, [1] strona :
    • b
    • Oznaczenie ilustracji (NP)
    • ilustracje, errata ;
    • c
    • Format (NP)
    • 21 cm.
336 -Typ zawartości [ , ]
    • a
    • Termin opisujący typ zawartości
    • Tekst
    • b
    • Kod określający zawartość
    • txt
    • 2
    • Źródło (terminu i kodu)
    • rdacontent
337 -Typ mediów [ , ]
    • a
    • Tryb odtwarzania
    • Bez urządzenia pośredniczącego
    • b
    • Kod typu mediów
    • n
    • 2
    • Źródło (terminu i kodu)
    • rdamedia
338 -Typ/rodzaj nośnika [ , ]
    • a
    • Hasło opisujące typ nośnika
    • Wolumin
    • b
    • Kod typu nośnika
    • nc
    • 2
    • Źródło (terminu i kodu)
    • rdacarrier
504 -Uwaga dot. bibliogr. załącznikowej [ , ]
    • a
    • Uwaga dot. bibliografii załącznikowej
    • Bibliografia na stronach 535-558. Indeksy.
080 -Uniwersalna Klasyfikacja Dziesiętna [ , ]
    • a
    • Symbol klasyfikacji
    • 159.942
    • 9
    • UKD
    • 2437
    • 2
    • Identyfikator wydania tablic
    • UDC-P058
    • b
    • Dopowiedzenie
    • Emocje. Uczucia. Nastroje. Nastrój obniżony (depresja), nastrój wzmożony (euforia, ekstaza, mania), labilność.
650 -Hasło przedmiotowe [ ,7]
    • a
    • Hasło przedmiotowe
    • Emocje.
    • 2
    • Źródło terminu
    • kaba
    • 9
    • KHW
    • 107679
980 -Symbol UKD [ , ]
    • a
    • UKD
    • 159.942
710 -Hasło dodatkowe - nazwa ciała zbiorowego [2, ]
    • a
    • Nazwa ciała zbiorowego lub nazwa geograficzna jako pierwszy element (NP)
    • Spółdzielnia Wydawniczo-Handlowa "Książka i Wiedza".
    • e
    • Rodzaj współpracy
    • Wydawca
    • 4
    • Kod relacji
    • pbl
    • 9
    • KHW
    • 52004
Data inwentaryzacji Lokalizacja Sygnatura Numer inwentarzowy Status udost.
 BE E.407081
2003-06-27BG W.28714-9
2003-06-27BG W.28715-9
2003-06-27BG W.28716-9
2003-06-27BG W.28717-9
2003-06-27BG W.36490-9
2003-06-27BG W.36491-9
2003-06-27BG W.36492-9
2003-06-27BG W.36493-9
2003-06-27BG W.36494-9
2003-06-27BG W.36495-9
2003-06-27BG W.36496-9
2003-06-27BG W.36497-9
 BG W.30191-3
 BG W.30192-3
2003-06-27BGZ.12319Z.123191
 BNS F.12921